| 000 | 02524nam a2200349Ii 4500 | ||
|---|---|---|---|
| 008 | 221202s xx 000 0 und d | ||
| 245 | 0 | _aCultural Crossroads in the Middle East | |
| 246 | _aThe Historical, Cultural and Political Legacy of Intercultural Dialogue and Conflict from the Ancient Near East to the Present Day | ||
| 264 | 1 |
_aTartu _bUniversity of Tartu Press _c2019 |
|
| 300 | _a1 online resource (349 pages) | ||
| 336 |
_atext _btxt _2rdacontent |
||
| 337 |
_acomputer _bc _2rdamedia |
||
| 338 |
_aonline resource _bcr _2rdacarrier |
||
| 490 |
_aStudia Orientalia Tartuensia. Series Nova _v8 |
||
| 520 | _aThe region of the Middle East has been called the cradle of mankind. This volume studies historical, cultural, religious, social and political legacies, which play a central role in obstructing intercultural dialogue in the Middle East. The region became home to numerous cultures, religions and ethnicities with long experience of living together in a multicultural environment and has an immense impact on the entire human civilization as first human civilizations were born there. Today, more than 50% of world population follow Abrahamic religions (e.g. Christianity, Islam, Judaism), which have their roots in the Middle East. This book focuses on multiple topics related to the Middle East, including ancient history, the religion and mythology of the Ancient Near Eastern regions, Arabic, Persian and Islamic studies, Persian, Turkish and Arab literature, as well as modern Middle Eastern issues related to politics, security, society and the economy. The volume includes papers by Amar Annus, Tanja Dibou, Peeter Espak, Yoel Guzansky, Ingrida Kleinhofa, Jaan Lahe, Lidia Leontjeva, Aynura Mahmudova, Yossi Mann, Kobi Michael, Holger Mölder, Limor Nobel-Konig, Üllar Peterson, Itamar Rickover, Vladimir Sazonov and Krzyztof Ulanowski. | ||
| 653 | _aConflict In Middle East | ||
| 653 | _aCultural Legacy In Middle East | ||
| 653 | _aIntercultural Dialogue | ||
| 653 | _aMiddle Eastern History | ||
| 653 | _aMiddle Eastern Religions | ||
| 700 | 1 | _a0000-0001-7503-4924 | |
| 700 | 1 | _a0000-0001-9738-1329 | |
| 700 | 1 | _a0000-0003-2481-2735 | |
| 700 | 1 | _a600 | |
| 700 | 1 | _a600 | |
| 700 | 1 | _a600 | |
| 700 | 1 | _aEspak, Peeter | |
| 700 | 1 | _aMölder, Holger | |
| 700 | 1 | _aSazonov, Vladimir | |
| 856 |
_uhttps://docs.google.com/spreadsheets/d/1yKIrdCPDAG_9c22mwoOIO2DOhtj65Wqa/edit?usp=sharing&ouid=106555315294820607512&rtpof=true&sd=true _yList of Curated E-Books |
||
| 942 | _cE-BOOK | ||
| 999 |
_c92667 _d92664 |
||